00553nam a2200205 a 4500001001300000003000900013005001700022008004100039020002400080082001500104100001900119245003100138260004700169300000900216500003500225505001000260650003400270650002400304700001900328nice12345678IN_TiNIC20260116015102.0050524s1993 jera grp 000 0 eng  a9652211 c282000a726.5bTSA aTsafrip, Yoram aAncient Churches Revealed. aJerusalembIsrael Exploration Socityc1993 a358p aincludes index and biblioraphy2 aIndex aChurch-Buildings Architecture aChristianity-Israel1 aTsafrip, Yoram